000 00650cam a2200193 i 4500
005 20260118093335.0
008 250721s2013 jo gr 000 0 ara d
020 _a9789957550516
082 1 4 _a232
_bب خ و
100 1 _aبخوش، عبد القادر
_eمؤلف.
245 1 0 _aالمسيح في الإنجيل والقرآن /
_cالدكتور عبد القادر بخوش.
264 3 1 _aعمان :
_bدار الكتاب الثقافي،
_c2013.
300 _a200 صفحة.
650 1 7 _aالمسيح.
650 1 7 _aالأناجيل.
650 1 7 _aالقرآن الكريم.
942 _2ddc
_cBK
999 _c130978
_d130978